Представление документа в формате RUSMARC

ПолеНазваниеЗначение
  Тип записи a
  Библиографический уровень m
001 Контрольный номер b6995807128542ce8d6fe15ac24db407
005 Дата корректировки 20170216141829.4
010 Индекс ISBN __
a ISBN 5-94125-049-5
200 Заглавие и сведения об ответственности 1_
a Заглавие Заработная плата в современных условиях
f Первые сведения об ответственности Пошерстник Н.В., Мейксин М.С.
205 Сведения об издании __
a Основные сведения об издании 9-е изд.,перераб. и доп.
210 Выходные данные 1_
c Издательство Герда
a Место издания М.
x СПб.
d Дата издания 2002
215 Физическое описание __
a Объем 730 с.
300 Общие примечания __
a Общие примечания В содерж.:Организация,формы и системы оплаты труда;Расчет среднего заработка;Налог на доходы физических лиц...
610 Ключевые слова 0_
a Ключевые слова заработная плата
610 Ключевые слова 0_
a Ключевые слова трудовые отношения
610 Ключевые слова 0_
a Ключевые слова трудовые книжки
610 Ключевые слова 0_
a Ключевые слова трудовые договоры
610 Ключевые слова 0_
a Ключевые слова оплата труда
610 Ключевые слова 0_
a Ключевые слова премирование
610 Ключевые слова 0_
a Ключевые слова социальное страхование
610 Ключевые слова 0_
a Ключевые слова налог на доходы физических лиц
610 Ключевые слова 0_
a Ключевые слова отпуска
686 Индексы других классификаций __
a Классификационный индекс 65.9(2)245
2 Код системы rubbk
686 Индексы других классификаций __
a Классификационный индекс 65.052.9(2)2
2 Код системы rubbk
700 Автор _1
a Фамилия Пошерстник Н.В.
701 Альтернативная интеллектуальная ответственность _1
a Фамилия Мейксин М.С.
801 Источник записи _0
a Страна RU
b Организация РУК
c Дата составления 20020903
g Правила каталогизации PSBO
801 Источник записи _1
a Страна RU
b Организация РУК
c Дата составления 20020903
g Правила каталогизации PSBO
852 Данные о местонахождении __
i Авторский знак П66
j Шифр хранения ББК 65.9(2)24
901 Тип документа __
t Тип документа m
938 Служебная информация __
a Название организации Головной вуз
b Имя БД BOOK
c Название АИБС АИБС ИРБИС